| 000 | 00455nam a2200121Ia 4500 | ||
|---|---|---|---|
| 008 | 220620s9999||||xx |||||||||||||| ||und|| | ||
| 100 | _aKrzysztof Biernat | ||
| 245 | 0 | _aAlternative Fuels, Technical and Environmental Conditions | |
| 546 | _aEnglish[eng] | ||
| 650 | _aLife Sciences||Sustainable Energy||Bioenergy||Environmental Sciences | ||
| 856 | _uhttps://www.intechopen.com/books/alternative-fuels-technical-and-environmental-conditions | ||
| 942 | _cEB | ||
| 999 |
_c29775 _d29775 |
||